| 000 | 00760nam a22001577a 4500 | ||
|---|---|---|---|
| 003 | OSt | ||
| 005 | 20151116083154.0 | ||
| 008 | 151116b xxu||||| |||| 00| 0 eng d | ||
| 040 | _cRUA | ||
| 082 | _aFOR SOR 2008 B136 Or.1 | ||
| 100 |
_93689 _aSOR, VICHET. |
||
| 245 | _acommparison of teak tree growth by applying and not applying polymer (ការប្រៀបធៀបពីការឡូតលាស់ដើមម៉ៃសាក់ដោយប្រើនិងមិនប្រើប៉ូលីម៉ា នៅភូមិភ្នំពក ឃុំជ្រោយស្វាយស្រុកស្រៃអំបិលខេត្តកោះកុង) | ||
| 260 |
_aPhnom Penh _bRUA _c2008 |
||
| 300 |
_axi, 48p. _bill. _c29cm. |
||
| 942 |
_2ddc _cFOR |
||
| 999 |
_c3437 _d3437 |
||